| 000 | 00492nai a22001817a 4500 | ||
|---|---|---|---|
| 003 | OSt | ||
| 005 | 20180828110128.0 | ||
| 008 | 180608b xxu||||| |||| 00| 0 eng d | ||
| 040 |
_aBMC _cBMC |
||
| 082 | _a 616.12 | ||
| 245 | 0 | 0 |
_aHeart _cRoger J. Hall, editor |
| 260 |
_a[Londres] _bBritish Cardiac Society _c2000 |
||
| 300 |
_a720 p. _c30 cm |
||
| 490 |
_aCardiología _vV. 83 |
||
| 505 | _aContiene: Comparative coronary anatomy...- | ||
| 650 | 2 | 4 |
_924283 _aCardiología |
| 942 |
_2ddc _cPR |
||
| 999 |
_c29511 _d29511 |
||